Lexikalisches aus dem Katalinischen und den übrigen Iberoromanischen Sprachen / (Record no. 147982)

MARC details
000 -LEADER
campo de control de longitud fija 00739nam a2200205 i 4500
001 - NÚMERO DE CONTROL
campo de control 147982
003 - IDENTIFICADOR DE NÚMERO DE CONTROL
campo de control ES-MaACL
005 - FECHA Y HORA DE LA ÚLTIMA TRANSACCIÓN
campo de control 20230906202351.0
007 - CAMPO FIJO DE DESCRIPCIÓN FÍSICA--INFORMACIÓN GENERAL
campo de control de longitud fija t|
008 - DATOS DE LONGITUD FIJA--INFORMACIÓN GENERAL
campo de control de longitud fija 070214s1921 sz r ||||1| ger d
100 1# - ENTRADA PRINCIPAL--NOMBRE DE PERSONA
Nombre de persona Spitzer, Leo.
9 (RLIN) 107772
245 10 - MENCIÓN DEL TÍTULO
Título Lexikalisches aus dem Katalinischen und den übrigen Iberoromanischen Sprachen /
Mención de responsabilidad, etc. Leo Spitzer.
260 ## - PUBLICACIÓN, DISTRIBUCIÓN, ETC.
Lugar de publicación, distribución, etc. Genève :
Nombre del editor, distribuidor, etc. Leo S. Olschki,
Fecha de publicación, distribución, etc. 1921.
300 ## - DESCRIPCIÓN FÍSICA
Extensión VIII, 162 p. ;
Dimensiones 30 cm.
490 1# - MENCIÓN DE SERIE
Mención de serie Biblioteca dell'archivum romanicum. Serie II. lingüística ;
Designación de volumen o secuencia 1
650 #4 - PUNTO DE ACCESO ADICIONAL DE MATERIA--TÉRMINO DE MATERIA
Término de materia o nombre geográfico como elemento de entrada Lengua catalana-
Subdivisión general Lexicografía.
9 (RLIN) 162819
830 0# - PUNTO DE ACCESO ADICIONAL DE SERIE-TÍTULO UNIFORME
Título uniforme Biblioteca dell'archivum romanicum. Serie II. lingüística ;
Designación de volumen o secuencia 1
9 (RLIN) 220969
852 ## - LOCALIZACIÓN
Ubicación ES-MaACL
Número de control de estantería 1913-F-2
Sublocalización o colección R.29712
Holdings
Estatus retirado Estado de pérdida Estado de daño No para préstamo Colección Biblioteca de origen Biblioteca actual Ubicación en estantería Fecha de adquisición Fuente de adquisición Total de préstamos Signatura topográfica completa Código de barras Visto por última vez Precio de reemplazo Tipo de ítem Koha
        Colección de folletos Biblioteca del Ateneo de Madrid Biblioteca del Ateneo de Madrid Depósito folletos 17/01/2008     1913-F-2 1154436 23/02/2023 23/02/2023 Folleto